| 000 | 00621nam a22001697a 4500 | ||
|---|---|---|---|
| 999 |
_c18913 _d18913 |
||
| 003 | AR-CdUCM | ||
| 008 | 190515b ||||| |||| 00| 0 spa d | ||
| 040 |
_aMUNICIPALIDAD PROVINCIAL DEL CUSCO _cBIBLIOTECA MUNICIPAL DEL CUSCO |
||
| 082 |
_a345.71 / _bG41 |
||
| 100 |
_aGenaro Delgado, Pedro _939832 |
||
| 245 | _aManual del litigante o la defensa al alcance de todos / | ||
| 260 |
_aLima : _bSanmarti, _c1921. |
||
| 300 |
_a591 páginas ; _c21 cm. |
||
| 505 | _aCamaras legislativas -- Del regimen interior de la republicana -- Congresos regionales -- Decepciona de domicilio... | ||
| 942 |
_2ddc _cLIBROS |
||
| 945 | _awfj | ||